000
00305nam a22001337a 4500
008
181015b xxu||||| |||| 00| 0 eng d
020
_a
9780062734761
041
_a
eng
080
_a
371
100
_a
46
101
_a
EDU
245
_a
Robert's rules in plain English
_c
Zimmerman,D.P
942
_2
udc
_c
BK
999
_c
49657
_d
49657